000 00379nam a2200145 a 4500
005 20140414093843.0
008 090205s19uu xx uuu eng d
050 _aVCD 642
_bT22
100 _aTechnical Vocational
245 _aSanitation and safety /
_cTechnical Vocational.
260 _aQuezon City :
_bFelta.
650 _aFood service.
942 _cAVM
999 _c109407
_d109407